| 000 | 00525nam a2200205Ia 4500 | ||
|---|---|---|---|
| 008 | 210210b1998 xxu||||| |||| 00| 0 eng d | ||
| 082 | _aS491.3 JAGL | ||
| 100 | _aJAGANNATH (Ke Shri) | ||
| 245 |
_aLaghudhatumanjari _bVyakaran bhasha shudha sarala bhavati |
||
| 260 |
_aTumkur _bNot Mentioned _c1998 |
||
| 300 | _ax,307 | ||
| 650 | _aVyakaran | ||
| 650 | _ashudha | ||
| 650 | _asarala | ||
| 650 | _aLaghudhatumanjary | ||
| 650 | _abhavati | ||
| 650 | _abhasha | ||
| 690 | _aSanskrit Dictionaries | ||
| 906 | _a061976 | ||
| 999 |
_c115854 _d115854 |
||